000 00880nam a2200253 i 4500
001 102693
003 ES-MaACL
005 20250824061936.0
007 t|
008 051128s2000 pr ||||1| spa d
020 _a1-881703-20-7
080 _a791.43(729.5)
100 1 _aRíos-Díaz, Raúl.
_997378
245 1 0 _aDominio de la imagen
_b: hacia una industria de cine en Puerto Rico /
_cpor Raúl Ríos-Díaz & Francisco González.
250 _a1ª ed.
260 _aSan Juan, Puerto Rico :
_bLEA, Ateneo Puertorriqueño,
_c2000.
300 _a153 p. :
_bil. ;
_c22 cm.
490 1 _aCuadernos del Ateneo.
_aCine ;
_v2
650 4 _aCine-
_zPuerto Rico.
_9171119
710 2 _aAteneo Puertorriqueño
_92054
830 1 0 _aCuadernos del Ateneo.
_pSerie de cine (Ateneo Puertorriqueño)
_v2
_9184662
852 _aES-MaACL
_jE-11203
999 _c102693
_d102693